| 000 | nam a22 7a 4500 | ||
|---|---|---|---|
| 999 |
_c116948 _d116948 |
||
| 005 | 20190827102415.0 | ||
| 008 | 190827b mx ||||| |||| 00| 0 spa d | ||
| 020 | _a9703207413 | ||
| 050 | 0 | 4 |
_aK7040 _bH84 2003 |
| 100 | 1 | _aHuerta Ochoa, Carla. | |
| 245 | 1 | 0 |
_aConflictos normativos _c/ Carla Huerta Ochoa. |
| 250 | _a1a ed. | ||
| 260 |
_aMéxico : _bUniversidad Nacional Autónoma de México, Instituto de Investigaciones Juridicas, _c2003. |
||
| 300 |
_axi, 215 p. ; _c22 cm. |
||
| 490 | 0 |
_aDoctrina Juridica ; _v142. |
|
| 504 | _aBibliografía : p. 205-215. | ||
| 650 | 4 | _aConflicto de Leyes | |
| 942 |
_2lcc _cLIB |
||